| 000 | 00393cam a2200169ua 4500 | ||
|---|---|---|---|
| 001 | 9833 | ||
| 008 | 160909n ii |||gr||||Z||||||hin | ||
| 040 | _cMAIN | ||
| 041 | _ahin | ||
| 082 | _a891.431 | ||
| 100 |
_aOjha, Dashrath, _eEditor. |
||
| 245 |
_aKabya batika _cEd. by Dashrath Ojha |
||
| 260 |
_aDelhi: _bRajpal and sons, _c2006. |
||
| 300 | _a95p. | ||
| 653 | _aHindi poem | ||
| 942 | _cBK | ||
| 999 |
_c8843 _d8843 |
||